00726nam a2200193 a 450000100100000000500170001000800410002702000150006804000250008308200160010810000300012424501320015426000360028630000210032259000260034370000320036995201140040199900170051500001865120200929165833.0100512s1989 ag r 000 0 spa d z9879918679 aDO-SdBNPbspacBNPHU axxxxbL283a1 aLangley, Lester D.94029510aAmérica y las américas :blos Estados Unidos en el hemisferio occidental /cLester D. Langley ; traducción María Cillo. aBuenos Aires :bDevenir,c1989. a368 p. ;c20 cm. aInventariado, 2019/BT1 aCillo, María,etr.937354 001050718MOaGRbGRcHDd2010-05-12iLF1l0oxxxx L283ap18651-10r2020-06-25w2020-06-25y1ZNo se presta c18171d18171